000
002310000a22000970004500
100
1
_a
McKaughan, Paul
245
1
0
_a
Talk! Talk! Talk!
300
_a
Vol. 15, Núm 50 (1988), Páginas 18
773
0
_t
World Evangelization
942
_c
ANA
999
_c
58108
_d
58108